000 02352cam a22003498i 4500
001 21906997
003 ARRUPE
005 20220411094217.0
006 m |o d |
007 cr_|||||||||||
008 210209s2021 nyu o 000 1 eng
010 _a 2021006093
020 _a978152663824
040 _aDLC
_beng
_cDLC
_erda
042 _apcc
043 _af-nr---
050 0 0 _aPR9387.9.S6
082 0 0 _a823/.914
_223
100 1 _aSoyinka, Wole,
_eauthor.
_97154
245 1 0 _aChronicles from the land of the happiest people on earth /
_cWole Soyinka.
250 _aFirst edition.
260 _aLondon
_bBloomsbury Circus
_c2021
300 _a444p
_b25cm.
520 _a"A towering figure in world literature gives us a tour de force, his first novel in nearly one-half century: a savagely satiric, gleefully irreverent, rollicking, fictional meditation on how power and greed can corrupt the soul of a nation. ("You don't see things the same way when you encounter a voice like that."-Toni Morrison) In an imaginary Nigeria, a cunning entrepreneur is selling body parts stolen from Dr. Menka's hospital for use in ritualistic practices. Dr. Menka shares the grisly news with his oldest college friend, bon viveur, star engineer, and Yoruba royal, Duyole Pitan-Payne-the life of every party- who is about to assume a prestigious post at the United Nations in New York. It now seems that someone is determined that he not make it there. Neither Dr. Menka nor Duyole knows why, or how close the enemy is, how powerful. Chronicles from the Land of the Happiest People on Earth is at once a literary hoot, a crafty whodunit, and a scathing indictment of Nigeria's political elite. It is a stirring call to arms against the abuse of power from one of that country's fiercest political activists, who just happens to be a global literary giant"--
650 0 _aSale of organs, tissues, etc.
_zNigeria
_vFiction.
_951305
650 0 _aAbuse of administrative power
_zNigeria
_vFiction.
_951306
651 0 _aNigeria
_vFiction.
776 0 8 _iPrint version:
_aSoyinka, Wole.
_tChronicles from the land of the happiest people on earth
_bFirst edition.
_dNew York : Pantheon Books, 2021.
_z9780593320167
_w(DLC) 2021006092
906 _a7
_bcbc
_corignew
_d1
_eecip
_f20
_gy-gencatlg
942 _2lcc
_cMONOGRAPH
999 _c131294
_d131294